Учение ислама о смысле и цели жизни и его реакционная сущность

Λεπτομέρειες βιβλιογραφικής εγγραφής
Κύριος συγγραφέας: Курбанов Х. Хурсанд
Γλώσσα:Ρωσικά
Έκδοση: Душанбе, Дониш, 1977
Θέματα:
Μορφή: Βιβλίο
KOHA link:https://koha.lib.tpu.ru/cgi-bin/koha/opac-detail.pl?biblionumber=19111

MARC

LEADER 00000nam0a2200000 4500
001 19111
005 20231101205242.0
035 |a (RuTPU)RU\TPU\book\19270 
035 |a BOOK00000081 
090 |a 19111 
100 |a 20011209d1977 km y0rusy50 ca 
101 0 |a rus 
102 |a TJ 
105 |a y z 000zy 
200 1 |a Учение ислама о смысле и цели жизни и его реакционная сущность  |f Х. Курбанов 
210 |a Душанбе  |c Дониш  |d 1977 
215 |a 122 с. 
606 |a Ислам  |2 stltpush  |3 (RuTPU)RU\TPU\subj\13199  |9 39850 
610 1 |a религия 
610 1 |a мусульманство 
610 1 |a философия 
686 |a Э38  |v LBC/SL-A  |2 rubbk 
700 1 |a Курбанов  |b Х.  |g Хурсанд 
801 0 |a RU  |b 63413507  |c 20011209  |g PSBO 
801 2 |a RU  |b 63413507  |c 20220906  |g PSBO 
942 |c BK